| 000 | 01677nam a22002417a 4500 | ||
|---|---|---|---|
| 999 |
_c64092 _d64092 |
||
| 003 | Ge_BSU | ||
| 005 | 20260330121752.0 | ||
| 008 | 260327s2007 ge ||||| |||| 00| 0 geo d | ||
| 020 | _a9992802365 | ||
| 041 | _ageo | ||
| 080 | _a338.22(479.22) მ-97 | ||
| 245 |
_aმცირე და საშუალო ბიზნესის განვითარების მიმართულებები რეგიონების აგროსამრეწველო სექტორში / _cრედაქტორი თ. ბაკურიძე, ნ. წიკლაშვილი და სხვ.; აჭარის ავტონომიური რესპუბლიკის სავაჭრო სამრეწველო პალატა. |
||
| 264 |
_aბათუმი : _bგამომცემლობა აჭარა, _c2007. |
||
| 300 |
_a664 გვ.; _b21 სმ. |
||
| 500 | _aპარალ. სათ. რუს. და ინგლ. ენაზე. | ||
| 653 | _aაგრობიზნესი | ||
| 653 | _aსასოფლო-სამეურნეო პროდუქცია, მოყვანა, დამუშავება | ||
| 653 | _aფერმერული მეურნეობა | ||
| 700 |
_aბაკურიძე, თ. _eრედაქტორი _9884 |
||
| 700 |
_aწიკლაშვილი, ნ. _eრედაქტორი _927234 |
||
| 710 |
_aაჭარის ავტონომიური რესპუბლიკის სავაჭრო სამრეწველო პალატა. _927235 |
||
| 942 |
_2udc _cᲬᲘᲒᲜᲘ |
||